| 000 | 01064nam a2200229 a 4500 | ||
|---|---|---|---|
| 003 | AM-YeHGA | ||
| 005 | 20250617164802.0 | ||
| 008 | 240304s2020 ua a||||||||||||||0|arm|d | ||
| 040 | _aAM-YeHGA | ||
| 041 | 0 | _aarm | |
| 100 | 1 | _aՍամուէլեան, Վռամ | |
| 245 | 1 | 0 |
_aՈրբաշխարհ : _bՅուշագրութիւն ցեղասպանութենէն վերապրողի / _cՎռամ Սամուէլեան ; Խմբ․՝ և ծանօթագրեց՝ Վ. Ղազարեան. |
| 260 |
_aԳահիրէ : _bԱ․ հ․, _c2020. |
||
| 300 |
_a95 էջ ; _bնկ․ |
||
| 500 | _aԳրքի թվային տարբերակը գրադարանին տրամադրել է Վաչե Ղազարյանը։ | ||
| 650 | 1 | 4 |
_aՀայոց ցեղասպանություն (1915-1923) _xՀայ հուշագրություն |
| 650 | 1 | 4 | _aԲացակա գրքեր |
| 700 | 1 |
_aՂազարեան, Վաչե _eխմբ․ _4edt _eծանոթ․ _4cmm |
|
| 856 | 4 | 1 |
_uhttps://arar.sci.am/dlibra/publication/400111/edition/370287/content _yԿարդալ առցանց |
| 942 |
_2udc _cBK |
||
| 090 | _c567905 | ||
| 999 |
_c529470 _d529470 |
||